000 00339 a2200157 4500
001 75006
020 _a9788502138551
040 _cAnchieta - Colégio São Paulo
100 _aGuerra, Isabel Cristina
240 1 0 _aMatemática
_lpor
245 1 0 _aMatemática
300 _a256
362 0 _a2011
650 4 _aMatemática
942 _cBK
999 _c75006
_d75006